[Event "Schleinich mem."]
[Site "Calgary CAN"]
[Date "2012.01.20"]
[Round "1"]
[White "Kalaydina, Regina Veronicka"]
[Black "Usselman, Paul"]
[Result "1/2-1/2"]
[WhiteElo "1935"]
[BlackElo "1890"]
[PlyCount "48"]
[GameId "2160767909572756"]
[EventDate "2012.01.20"]
[EventType "swiss"]
[EventRounds "5"]
[EventCountry "CAN"]
[SourceTitle "EXT 2022"]
[Source "ChessBase"]
[SourceDate "2021.10.06"]
[SourceVersion "1"]
[SourceVersionDate "2021.10.06"]
[SourceQuality "1"]

1. d4 d5 2. c4 e6 3. Nc3 c5 4. cxd5 cxd4 5. Qxd4 Nc6 6. Qd1 exd5 7. e3 d4 8. exd4 Qxd4 9. Be3 Qxd1+ 10. Rxd1 Nf6 11. h3 Bb4 12. Nf3 O-O 13. Be2 Ne4 14. Rc1 Be6 15. O-O Nxc3 16. bxc3 Be7 17. c4 Rfd8 18. Rb1 b6 19. Rb5 h6 20. c5 bxc5 21. Bxc5 Bf6 22. a4 Rd7 23. Rc1 Re8 24. Bf1 Nd4 1/2-1/2

[Event "Schleinich mem."]
[Site "Calgary CAN"]
[Date "2012.01.20"]
[Round "1"]
[White "Miller, David"]
[Black "Gold, Itohan"]
[Result "1-0"]
[WhiteElo "2101"]
[BlackElo "2165"]
[PlyCount "87"]
[GameId "2160767909572757"]
[EventDate "2012.01.20"]
[EventType "swiss"]
[EventRounds "5"]
[EventCountry "CAN"]
[SourceTitle "EXT 2022"]
[Source "ChessBase"]
[SourceDate "2021.10.06"]
[SourceVersion "1"]
[SourceVersionDate "2021.10.06"]
[SourceQuality "1"]

1. e4 c5 2. Nf3 d6 3. d4 cxd4 4. Nxd4 Nf6 5. Nc3 a6 6. Bg5 e6 7. f4 Qc7 8. Qf3 Be7 9. O-O-O Nc6 10. Nxc6 Qxc6 11. Bd3 h6 12. Bh4 Qc7 13. Rhe1 g5 14. fxg5 Nd7 15. g6 fxg6 16. Nd5 exd5 17. exd5 g5 18. Qh5+ Kd8 19. Rxe7 Nf6 20. Rxc7 Nxh5 21. Rf7 Bd7 22. Bf2 Kc7 23. Bf5 Rad8 24. Bxd7 Rxd7 25. Rxd7+ Kxd7 26. g3 Re8 27. Re1 Rxe1+ 28. Bxe1 Ke7 29. Kd2 Kf6 30. Ke3 Kf5 31. Bb4 Nf6 32. c4 Ne4 33. g4+ Ke5 34. Bc3+ Nxc3 35. bxc3 b6 36. a4 a5 37. h3 Kf6 38. Kd4 Ke7 39. c5 dxc5+ 40. Kd3 Kd8 41. Kc4 Kc7 42. Kb5 c4 43. Kxc4 Kd6 44. Kb5 1-0

[Event "Schleinich mem."]
[Site "Calgary CAN"]
[Date "2012.01.20"]
[Round "1"]
[White "Neven, Knut"]
[Black "Kazmaier, Daniel"]
[Result "0-1"]
[WhiteElo "2235"]
[BlackElo "2317"]
[PlyCount "156"]
[GameId "2160767909572758"]
[EventDate "2012.01.20"]
[EventType "swiss"]
[EventRounds "5"]
[EventCountry "CAN"]
[SourceTitle "EXT 2022"]
[Source "ChessBase"]
[SourceDate "2021.10.06"]
[SourceVersion "1"]
[SourceVersionDate "2021.10.06"]
[SourceQuality "1"]

1. e4 e5 2. Nf3 Nc6 3. d4 exd4 4. Nxd4 Bc5 5. Nxc6 Qf6 6. Qf3 bxc6 7. Nc3 Qxf3 8. gxf3 Ne7 9. Be3 Bxe3 10. fxe3 d6 11. O-O-O Be6 12. Rg1 O-O 13. f4 f5 14. Bd3 d5 15. e5 c5 16. Na4 c4 17. Nc5 Bf7 18. Be2 Rfb8 19. c3 a5 20. a4 Rb6 21. Nd7 Rc6 22. Nf6+ Kh8 23. Nh5 Rh6 24. Ng3 Rxh2 25. Rh1 Rxh1 26. Rxh1 Ra6 27. Bd1 Rg6 28. Rh3 Be6 29. Bc2 Bd7 30. Ne2 c5 31. Kd2 Rb6 32. Kc1 Kg8 33. Rh1 Rg6 34. b3 cxb3 35. Bxb3 Rb6 36. Bc2 Bc6 37. Rd1 Kf7 38. Rh1 h6 39. Rg1 Rb8 40. Ng3 g6 41. Nf1 Nc8 42. c4 Rb4 43. Nd2 Nb6 44. cxd5 Bxd5 45. Re1 Nxa4 46. e4 fxe4 47. Bxe4 Nc3 48. e6+ Bxe6 49. Bxg6+ Kf6 50. Kc2 Nd5 51. Bd3 Nxf4 52. Ne4+ Kf5 53. Nxc5+ Nxd3 54. Nxd3 Re4 55. Rh1 Kg5 56. Kd2 Bf5 57. Nf2 Re5 58. Rg1+ Kf4 59. Rh1 Kf3 60. Nd1 Rd5+ 61. Kc1 Rc5+ 62. Kb2 Rc6 63. Rf1+ Ke4 64. Nc3+ Ke5 65. Re1+ Kf4 66. Nd5+ Kg5 67. Rg1+ Bg4 68. Re1 Re6 69. Ra1 Re5 70. Nc3 h5 71. Kc2 h4 72. Kd3 Bf3 73. Kd4 Kf4 74. Rf1 h3 75. Nb1 Re4+ 76. Kc3 Re3+ 77. Kd4 Re2 78. Nc3 Rd2+ 0-1

[Event "Schleinich mem."]
[Site "Calgary CAN"]
[Date "2012.01.20"]
[Round "1"]
[White "Nguyen, Kim"]
[Black "Yam, Alex"]
[Result "0-1"]
[WhiteElo "2208"]
[BlackElo "2296"]
[PlyCount "68"]
[GameId "2160767909572759"]
[EventDate "2012.01.20"]
[EventType "swiss"]
[EventRounds "5"]
[EventCountry "CAN"]
[SourceTitle "EXT 2022"]
[Source "ChessBase"]
[SourceDate "2021.10.06"]
[SourceVersion "1"]
[SourceVersionDate "2021.10.06"]
[SourceQuality "1"]

1. e4 c5 2. Nf3 d6 3. d4 cxd4 4. Nxd4 Nf6 5. Nc3 g6 6. Be3 Bg7 7. Be2 O-O 8. O-O Nc6 9. Nb3 Be6 10. f4 Rc8 11. Kh1 a5 12. Bb5 Nb4 13. f5 Bd7 14. Nd4 e5 15. Bxd7 Qxd7 16. Nf3 d5 17. Bg5 d4 18. Bxf6 Bxf6 19. a3 Qc6 20. axb4 dxc3 21. bxc3 axb4 22. cxb4 Qxe4 23. Qd6 Rc6 24. Qd7 Qxc2 25. fxg6 hxg6 26. b5 Rb6 27. Rfc1 Qe2 28. Rab1 Kg7 29. Re1 Qf2 30. Rf1 Qc5 31. Qd3 Rd8 32. Qe2 Rd5 33. Rfc1 Rxb5 34. Rxc5 Rxb1+ 0-1

[Event "Schleinich mem."]
[Site "Calgary CAN"]
[Date "2012.01.20"]
[Round "1"]
[White "Perron, Sean"]
[Black "Daniluk, Jim"]
[Result "0-1"]
[WhiteElo "2082"]
[BlackElo "1995"]
[PlyCount "116"]
[GameId "2160767909572760"]
[EventDate "2012.01.20"]
[EventType "swiss"]
[EventRounds "5"]
[EventCountry "CAN"]
[SourceTitle "EXT 2022"]
[Source "ChessBase"]
[SourceDate "2021.10.06"]
[SourceVersion "1"]
[SourceVersionDate "2021.10.06"]
[SourceQuality "1"]

1. d4 Nf6 2. Nf3 g6 3. g3 Bg7 4. Bg2 O-O 5. O-O d5 6. c4 c6 7. Qb3 Nbd7 8. Nc3 dxc4 9. Qxc4 Nb6 10. Qd3 Nbd5 11. e4 Nxc3 12. bxc3 c5 13. Bg5 cxd4 14. cxd4 Nd7 15. Rac1 h6 16. Bf4 b6 17. Bc7 Qe8 18. e5 Bb7 19. Bh3 Kh7 20. Nh4 Nc5 21. dxc5 Qc6 22. Bg2 Qxc7 23. Bxb7 Qxb7 24. c6 Qc7 25. e6 Rad8 26. Qc2 Bf6 27. Ng2 Rd6 28. exf7 Rxf7 29. h4 Bd4 30. Qe4 Bc5 31. h5 Qxc6 32. hxg6+ Rxg6 33. Qc2 Qf3 34. Qxg6+ Kxg6 35. Nh4+ Kg7 36. Nxf3 Rxf3 37. Kg2 Ra3 38. Rc2 a5 39. f4 Bd6 40. Rf3 Ra4 41. Rd3 Re4 42. Kf3 Re1 43. Re2 Rg1 44. Rb3 Bc5 45. Ke4 a4 46. Rd3 Rc1 47. Kf5 Bd6 48. Ke6 Rc6 49. Kd5 Rc5+ 50. Ke4 Kf6 51. Rb2 b5 52. Rd5 Rxd5 53. Kxd5 b4 54. Ke4 h5 55. Rh2 Kg6 56. Kd5 b3 57. axb3 axb3 58. Kc4 e5 0-1

[Event "Schleinich mem."]
[Site "Calgary CAN"]
[Date "2012.01.20"]
[Round "1"]
[White "Pradzinski, Tim"]
[Black "Rekhson, Vladislav"]
[Result "0-1"]
[WhiteElo "1983"]
[BlackElo "2004"]
[PlyCount "96"]
[GameId "2160767909572761"]
[EventDate "2012.01.20"]
[EventType "swiss"]
[EventRounds "5"]
[EventCountry "CAN"]
[SourceTitle "EXT 2022"]
[Source "ChessBase"]
[SourceDate "2021.10.06"]
[SourceVersion "1"]
[SourceVersionDate "2021.10.06"]
[SourceQuality "1"]

1. d4 Nf6 2. c4 c5 3. e3 g6 4. Bd3 Bg7 5. Ne2 d6 6. Nbc3 Nc6 7. a3 O-O 8. Qc2 e5 9. d5 Ne7 10. Ng3 a6 11. h4 b5 12. b3 e4 13. Ngxe4 Nxe4 14. Bxe4 b4 15. Bb2 bxc3 16. Bxc3 h5 17. Bf3 Re8 18. Bxg7 Kxg7 19. Qc3+ f6 20. Be2 Ng8 21. f3 Qe7 22. Kf2 Nh6 23. e4 Rb8 24. Rab1 Nf5 25. b4 Qa7 26. b5 Nd4 27. a4 Qe7 28. Bd3 Qe5 29. Qd2 f5 30. Qa5 Ra8 31. Rhe1 Qf6 32. exf5 Qxh4+ 33. Kg1 Rxe1+ 34. Rxe1 Bxf5 35. Bxf5 Nxf5 36. Re4 Qd8 37. Qc3+ Qf6 38. Qa5 Qd8 39. Qc3+ Nd4 40. Qe3 Nf5 41. Qc3+ Kh7 42. Qe1 axb5 43. axb5 Ra2 44. Kh2 Qg5 45. Re2 Qf4+ 46. Kg1 Qd4+ 47. Kh2 Ra1 48. Qf2 Qd1 0-1

[Event "Schleinich mem."]
[Site "Calgary CAN"]
[Date "2012.01.20"]
[Round "1"]
[White "Schibler, Jordan"]
[Black "Bentley, Bill"]
[Result "1-0"]
[WhiteElo "1829"]
[BlackElo "1906"]
[PlyCount "117"]
[GameId "2160767909572762"]
[EventDate "2012.01.20"]
[EventType "swiss"]
[EventRounds "5"]
[EventCountry "CAN"]
[SourceTitle "EXT 2022"]
[Source "ChessBase"]
[SourceDate "2021.10.06"]
[SourceVersion "1"]
[SourceVersionDate "2021.10.06"]
[SourceQuality "1"]

1. d4 e6 2. e4 d5 3. e5 c5 4. c3 Qb6 5. Nf3 Bd7 6. Be2 cxd4 7. cxd4 Bb5 8. Nc3 Bxe2 9. Qxe2 Nc6 10. Be3 Nh6 11. O-O Be7 12. Bxh6 gxh6 13. Qb5 Qxb5 14. Nxb5 Kd7 15. Rfc1 Rhg8 16. g3 a6 17. Nc3 b5 18. a4 b4 19. Ne2 Na5 20. Nd2 h5 21. f4 h4 22. Kf2 h5 23. Kf3 Rac8 24. b3 f5 25. Rxc8 Kxc8 26. Rg1 Nc6 27. Ke3 Kd7 28. gxh4 Rxg1 29. Nxg1 Bxh4 30. Ngf3 Bd8 31. Ne1 Bb6 32. Nc2 Ke7 33. Nf3 a5 34. Kf2 Nd8 35. Kg3 Kf7 36. Ng5+ Kg6 37. Kf3 Kh6 38. Ke3 Kg6 39. Ne1 Kg7 40. Nd3 Kf8 41. Nc1 Ke7 42. Ne2 Nf7 43. h4 Nh6 44. Nf3 Ng4+ 45. Kd2 Nf2 46. Ng5 Kd7 47. Ng3 Bxd4 48. Nxh5 Ng4 49. Nf3 Be3+ 50. Kd3 Bc5 51. Nf6+ Ke7 52. h5 Nxf6 53. exf6+ Kxf6 54. h6 Bf8 55. h7 Bg7 56. Ne5 Bh8 57. Nc6 Kg6 58. Nxa5 Kxh7 59. Nc6 1-0

[Event "Schleinich mem."]
[Site "Calgary CAN"]
[Date "2012.01.20"]
[Round "1"]
[White "Tam, Eric"]
[Black "Wen, Jean-Francois"]
[Result "1/2-1/2"]
[WhiteElo "2134"]
[BlackElo "2148"]
[PlyCount "77"]
[GameId "2160767909572763"]
[EventDate "2012.01.20"]
[EventType "swiss"]
[EventRounds "5"]
[EventCountry "CAN"]
[SourceTitle "EXT 2022"]
[Source "ChessBase"]
[SourceDate "2021.10.06"]
[SourceVersion "1"]
[SourceVersionDate "2021.10.06"]
[SourceQuality "1"]

1. e4 e6 2. d4 d5 3. Nd2 Nf6 4. Bd3 c5 5. c3 cxd4 6. cxd4 dxe4 7. Nxe4 Be7 8. Nf3 Nc6 9. O-O O-O 10. Nc3 b6 11. Re1 Bb7 12. a3 Rc8 13. Bc2 Re8 14. Qd3 g6 15. Bh6 Na5 16. Ne5 Qc7 17. Qh3 Bf8 18. Bf4 Qd8 19. Bg5 Be7 20. Ba4 Bc6 21. Nxc6 Nxc6 22. Bxf6 Bxf6 23. d5 Bxc3 24. Qxc3 Ne7 25. Qe5 Nxd5 26. Bxe8 Qxe8 27. Rac1 Rd8 28. h3 Qd7 29. Rc4 a5 30. a4 Qb7 31. Rh4 Qc6 32. Rd4 Qc2 33. h4 h5 34. g4 hxg4 35. Rxg4 Kf8 36. h5 gxh5 37. Qg7+ Ke7 38. Rge4 Kd6 39. Qe5+ 1/2-1/2

[Event "Schleinich mem."]
[Site "Calgary CAN"]
[Date "2012.01.20"]
[Round "1"]
[White "Yearwood, Roy"]
[Black "Booker, Brad"]
[Result "1-0"]
[WhiteElo "2158"]
[BlackElo "2170"]
[PlyCount "73"]
[GameId "2160767909572764"]
[EventDate "2012.01.20"]
[EventType "swiss"]
[EventRounds "5"]
[EventCountry "CAN"]
[SourceTitle "EXT 2022"]
[Source "ChessBase"]
[SourceDate "2021.10.06"]
[SourceVersion "1"]
[SourceVersionDate "2021.10.06"]
[SourceQuality "1"]

1. e4 c6 2. Nc3 d5 3. Nf3 Nf6 4. e5 Ne4 5. Ne2 Qb6 6. Ned4 Bg4 7. c3 Nd7 8. d3 Nec5 9. Be2 e6 10. O-O Be7 11. b4 Na6 12. Be3 Qc7 13. Bf4 O-O 14. Re1 c5 15. bxc5 Naxc5 16. Rb1 a6 17. h3 Bh5 18. g4 Bg6 19. Bg3 b5 20. Qd2 Rfc8 21. h4 h5 22. Nh2 hxg4 23. Nxg4 Qd8 24. Kg2 Na4 25. Rbc1 Qb6 26. h5 Bh7 27. h6 g6 28. Nf3 b4 29. c4 b3 30. axb3 Nac5 31. Rb1 Nxb3 32. Qf4 a5 33. Ng5 Rf8 34. c5 f5 35. cxb6 fxg4 36. Qxg4 Rf5 37. Nxh7 1-0

[Event "Schleinich mem."]
[Site "Calgary CAN"]
[Date "2012.01.20"]
[Round "1"]
[White "Zeggelaar, Mike"]
[Black "Sequillion, Aaron"]
[Result "1-0"]
[WhiteElo "1971"]
[BlackElo "2037"]
[PlyCount "67"]
[GameId "2160767909572765"]
[EventDate "2012.01.20"]
[EventType "swiss"]
[EventRounds "5"]
[EventCountry "CAN"]
[SourceTitle "EXT 2022"]
[Source "ChessBase"]
[SourceDate "2021.10.06"]
[SourceVersion "1"]
[SourceVersionDate "2021.10.06"]
[SourceQuality "1"]

1. e4 c6 2. d4 d5 3. Nc3 dxe4 4. Nxe4 Bf5 5. Ng3 Bg6 6. h4 h6 7. h5 Bh7 8. Nf3 Nd7 9. Bd3 Bxd3 10. Qxd3 Ngf6 11. Bd2 e6 12. O-O-O Qc7 13. Ne4 O-O-O 14. Nxf6 Nxf6 15. Qb3 Bd6 16. Qa4 Kb8 17. g3 Rhe8 18. c4 Qe7 19. Ba5 Bc7 20. Bb4 Bd6 21. Ba5 Rc8 22. Rhe1 Nxh5 23. Rd3 c5 24. dxc5 Rxc5 25. Rxd6 b5 26. Qd1 Rxc4+ 27. Kb1 Rec8 28. Rd8 Qc5 29. Ne5 Qxf2 30. Nxc4 bxc4 31. Qd6+ Kb7 32. Qd7+ Ka6 33. Qxc8+ Kxa5 34. Re5+ 1-0

[Event "Schleinich mem."]
[Site "Calgary CAN"]
[Date "2012.01.21"]
[Round "1"]
[White "Karmali, Hafiz"]
[Black "Miller, Brian"]
[Result "1-0"]
[WhiteElo "1941"]
[BlackElo "1828"]
[PlyCount "63"]
[GameId "2160767909572766"]
[EventDate "2012.01.20"]
[EventType "swiss"]
[EventRounds "5"]
[EventCountry "CAN"]
[SourceTitle "EXT 2022"]
[Source "ChessBase"]
[SourceDate "2021.10.06"]
[SourceVersion "1"]
[SourceVersionDate "2021.10.06"]
[SourceQuality "1"]

1. d4 d5 2. c4 e6 3. Nc3 Nf6 4. Bg5 Be7 5. e3 Nbd7 6. Nf3 O-O 7. Rc1 c6 8. Bd3 dxc4 9. Bxc4 c5 10. O-O b6 11. Re1 Bb7 12. a3 Rc8 13. Ba2 a6 14. Bb1 h6 15. Bh4 b5 16. e4 cxd4 17. Nxd4 e5 18. Nf5 Bc5 19. b4 Be7 20. Nxe7+ Qxe7 21. Ba2 Nb6 22. Nd5 Nbxd5 23. Bxd5 Rxc1 24. Qxc1 Rc8 25. Qb2 Bxd5 26. exd5 Qd6 27. Bg3 Nd7 28. Qd2 Rc4 29. h3 f6 30. Rd1 Nb6 31. Qd3 Rd4 32. Qxd4 1-0

[Event "Schleinich mem."]
[Site "Calgary CAN"]
[Date "2012.01.21"]
[Round "2"]
[White "Daniluk, Jim"]
[Black "Rekhson, Vladislav"]
[Result "1/2-1/2"]
[WhiteElo "1995"]
[BlackElo "2004"]
[PlyCount "29"]
[GameId "2160767909572767"]
[EventDate "2012.01.20"]
[EventType "swiss"]
[EventRounds "5"]
[EventCountry "CAN"]
[SourceTitle "EXT 2022"]
[Source "ChessBase"]
[SourceDate "2021.10.06"]
[SourceVersion "1"]
[SourceVersionDate "2021.10.06"]
[SourceQuality "1"]

1. d4 Nf6 2. c4 e6 3. g3 d5 4. Bg2 Be7 5. Nf3 O-O 6. O-O c6 7. Qc2 Nbd7 8. Rd1 b6 9. Ne5 Nxe5 10. dxe5 Nd7 11. cxd5 cxd5 12. e4 d4 13. Rxd4 Qe8 14. Qc6 Rb8 15. Nc3 1/2-1/2

[Event "Schleinich mem."]
[Site "Calgary CAN"]
[Date "2012.01.21"]
[Round "2"]
[White "Kazmaier, Daniel"]
[Black "Robichaud, Martin"]
[Result "1-0"]
[WhiteElo "2317"]
[BlackElo "2219"]
[PlyCount "157"]
[GameId "2160767909572768"]
[EventDate "2012.01.20"]
[EventType "swiss"]
[EventRounds "5"]
[EventCountry "CAN"]
[SourceTitle "EXT 2022"]
[Source "ChessBase"]
[SourceDate "2021.10.06"]
[SourceVersion "1"]
[SourceVersionDate "2021.10.06"]
[SourceQuality "1"]

1. d4 e6 2. c4 d5 3. Nf3 c5 4. cxd5 exd5 5. Nc3 Nc6 6. g3 Nf6 7. Bg2 c4 8. O-O a6 9. Ne5 Be6 10. Nxc4 dxc4 11. d5 Nxd5 12. Nxd5 Rc8 13. Be3 Be7 14. Nb6 Qxd1 15. Rfxd1 Rd8 16. Bxc6+ bxc6 17. Rdc1 O-O 18. Nxc4 Bf6 19. Rc2 Rd5 20. Rac1 Rfd8 21. b3 Bh3 22. f3 Rd1+ 23. Kf2 Bf5 24. Rxd1 Rxd1 25. Rd2 Rh1 26. g4 Be6 27. Kg2 Re1 28. Ne5 h5 29. Nd3 Ra1 30. gxh5 a5 31. Nc5 Bd5 32. Bf2 Bg5 33. Rc2 f5 34. Bd4 Rd1 35. Bf2 Rb1 36. Bd4 Rd1 37. Nd3 Kh7 38. Bb6 Kh6 39. Bxa5 Be3 40. Be1 Kxh5 41. Bf2 Bg5 42. Nb4 Bf6 43. Be3 g5 44. Nxc6 g4 45. Nb4 Bb7 46. Rc1 Rd7 47. Bf4 gxf3+ 48. exf3 Rg7+ 49. Kf2 Bd4+ 50. Be3 Bf6 51. Rc5 Bh4+ 52. Ke2 Kg6 53. Nd5 Ba6+ 54. Kd2 Bb7 55. Nf4+ Kh7 56. Rxf5 Bxf3 57. Bd4 Rd7 58. Ke3 Bg4 59. Rf8 Re7+ 60. Kd3 Kh6 61. Rh8+ Kg5 62. Rxh4 Bf5+ 63. Kd2 Rd7 64. Rh5+ Kxf4 65. Kc3 Rc7+ 66. Kb4 Ke4 67. Bb6 Rc2 68. a4 Be6 69. Rh4+ Kd5 70. Ka5 Kc6 71. b4 Rg2 72. b5+ Kb7 73. Rh7+ Ka8 74. Re7 Bc8 75. h4 Rg4 76. Bf2 Bf5 77. h5 Bc2 78. h6 Rxa4+ 79. Kb6 1-0

[Event "Schleinich mem."]
[Site "Calgary CAN"]
[Date "2012.01.21"]
[Round "2"]
[White "Neven, Knut"]
[Black "Nguyen, Kim"]
[Result "1/2-1/2"]
[WhiteElo "2235"]
[BlackElo "2208"]
[PlyCount "76"]
[GameId "2160767909572769"]
[EventDate "2012.01.20"]
[EventType "swiss"]
[EventRounds "5"]
[EventCountry "CAN"]
[SourceTitle "EXT 2022"]
[Source "ChessBase"]
[SourceDate "2021.10.06"]
[SourceVersion "1"]
[SourceVersionDate "2021.10.06"]
[SourceQuality "1"]

1. e4 c5 2. Nf3 d6 3. c3 Nf6 4. Be2 Nc6 5. d4 cxd4 6. cxd4 g6 7. Nc3 Bg7 8. O-O O-O 9. Be3 Ng4 10. Bg5 h6 11. Bh4 Bf6 12. Bg3 Bg7 13. h3 Nf6 14. Qd2 Qb6 15. Rfd1 Rd8 16. Bf4 g5 17. Be3 d5 18. exd5 Nxd5 19. Nxd5 Rxd5 20. Bc4 Rd8 21. Qe2 Qb4 22. Rac1 Bf5 23. a3 Qd6 24. d5 Ne5 25. Nd4 Bg6 26. Nb5 Qf6 27. Bxa7 Nxc4 28. Rxc4 Qxb2 29. Qxb2 Bxb2 30. Bb6 Rdc8 31. Rxc8+ Rxc8 32. Bd4 Bxd4 33. Rxd4 Rc1+ 34. Kh2 Rc5 35. a4 Bc2 36. d6 exd6 37. Nxd6 Ra5 38. Nxb7 Rxa4 1/2-1/2

[Event "Schleinich mem."]
[Site "Calgary CAN"]
[Date "2012.01.21"]
[Round "2"]
[White "Perron, Sean"]
[Black "Zeggelaar, Mike"]
[Result "1-0"]
[WhiteElo "2082"]
[BlackElo "1971"]
[PlyCount "61"]
[GameId "2160767909572770"]
[EventDate "2012.01.20"]
[EventType "swiss"]
[EventRounds "5"]
[EventCountry "CAN"]
[SourceTitle "EXT 2022"]
[Source "ChessBase"]
[SourceDate "2021.10.06"]
[SourceVersion "1"]
[SourceVersionDate "2021.10.06"]
[SourceQuality "1"]

1. e4 c5 2. Nf3 d6 3. c3 Nf6 4. Bd3 Nc6 5. Bc2 Bg4 6. d3 Qb6 7. Nbd2 e6 8. a4 Be7 9. h3 Bh5 10. Nc4 Qc7 11. Bf4 Nd7 12. Qe2 Rb8 13. O-O O-O 14. Qe3 Bxf3 15. Qxf3 e5 16. Bc1 Bf6 17. Ne3 Ne7 18. Ng4 Ng6 19. g3 Qd8 20. Bb3 Bg5 21. h4 Bxc1 22. Rfxc1 b5 23. h5 bxa4 24. Bxa4 Rxb2 25. Qf5 Nf4 26. gxf4 g6 27. Qxd7 Qh4 28. Bc2 gxh5 29. Nh6+ Kh8 30. Qf5 f6 31. Rxa7 1-0

[Event "Schleinich mem."]
[Site "Calgary CAN"]
[Date "2012.01.21"]
[Round "2"]
[White "Sequillion, Aaron"]
[Black "Pradzinski, Tim"]
[Result "1-0"]
[WhiteElo "2037"]
[BlackElo "1983"]
[PlyCount "71"]
[GameId "2160767909572771"]
[EventDate "2012.01.20"]
[EventType "swiss"]
[EventRounds "5"]
[EventCountry "CAN"]
[SourceTitle "EXT 2022"]
[Source "ChessBase"]
[SourceDate "2021.10.06"]
[SourceVersion "1"]
[SourceVersionDate "2021.10.06"]
[SourceQuality "1"]

1. e4 c5 2. Nf3 d6 3. d4 cxd4 4. Nxd4 Nf6 5. Nc3 a6 6. Be3 e6 7. g4 Nc6 8. g5 Nd7 9. h4 Be7 10. Rg1 Qc7 11. h5 Nb6 12. g6 hxg6 13. hxg6 f6 14. Nxc6 bxc6 15. Qd2 a5 16. O-O-O Ba6 17. Qd4 c5 18. Nb5 Bxb5 19. Bxb5+ Nd7 20. Qc4 Rb8 21. a4 Rxb5 22. axb5 Nf8 23. f4 Rh3 24. Bf2 Rf3 25. Bg3 Nxg6 26. Qxe6 d5 27. exd5 Nxf4 28. Bxf4 Qxf4+ 29. Kb1 Re3 30. Qc6+ Kf7 31. d6 Re6 32. dxe7 Rxc6 33. Rxg7+ Kxg7 34. e8=Q Rc7 35. Rg1+ Kh7 36. Qg8+ 1-0

[Event "Schleinich mem."]
[Site "Calgary CAN"]
[Date "2012.01.21"]
[Round "2"]
[White "Usselman, Paul"]
[Black "Karmali, Hafiz"]
[Result "0-1"]
[WhiteElo "1890"]
[BlackElo "1941"]
[PlyCount "52"]
[GameId "2160767909572772"]
[EventDate "2012.01.20"]
[EventType "swiss"]
[EventRounds "5"]
[EventCountry "CAN"]
[SourceTitle "EXT 2022"]
[Source "ChessBase"]
[SourceDate "2021.10.06"]
[SourceVersion "1"]
[SourceVersionDate "2021.10.06"]
[SourceQuality "1"]

1. d4 Nf6 2. c4 e5 3. dxe5 Ng4 4. Nf3 Bc5 5. e3 Nc6 6. Be2 Ngxe5 7. Nxe5 Nxe5 8. Nc3 O-O 9. O-O d6 10. b3 Bf5 11. Bb2 Re8 12. Na4 Bb6 13. Rc1 Ba5 14. a3 c6 15. b4 Bc7 16. Nc3 Qh4 17. Qd4 Qh6 18. e4 d5 19. f4 Nxc4 20. Bxc4 Bb6 21. Qxb6 axb6 22. exd5 b5 23. Bb3 Bd3 24. Rf3 Bc4 25. Bc2 cxd5 26. Rh3 Qb6+ 0-1

[Event "Schleinich mem."]
[Site "Calgary CAN"]
[Date "2012.01.21"]
[Round "2"]
[White "Yam, Alex"]
[Black "Haessel, Dale"]
[Result "1-0"]
[WhiteElo "2296"]
[BlackElo "2300"]
[PlyCount "105"]
[GameId "2160767909572773"]
[EventDate "2012.01.20"]
[EventType "swiss"]
[EventRounds "5"]
[EventCountry "CAN"]
[SourceTitle "EXT 2022"]
[Source "ChessBase"]
[SourceDate "2021.10.06"]
[SourceVersion "1"]
[SourceVersionDate "2021.10.06"]
[SourceQuality "1"]

1. e4 e5 2. f4 exf4 3. Bc4 Nf6 4. Nc3 Nc6 5. Nf3 Na5 6. Bf1 d5 7. e5 Ne4 8. d3 Nxc3 9. bxc3 g5 10. h4 g4 11. Nd4 Bh6 12. g3 f6 13. e6 Qd6 14. Qxg4 Kd8 15. Bh3 c5 16. Nb5 Qxe6+ 17. Qxe6 Bxe6 18. Nd6 Kc7 19. Bxe6 Kxd6 20. Bf7 Nc6 21. Bxf4+ Bxf4 22. gxf4 d4 23. c4 Ne7 24. Kd2 Raf8 25. Bh5 Rhg8 26. Rag1 Nf5 27. Bg4 Ne3 28. Bf3 b6 29. c3 h6 30. h5 Ke6 31. cxd4 cxd4 32. Rg6 Kf5 33. Rh4 Rxg6 34. Be4+ Ke6 35. hxg6 f5 36. Rxh6 Kf6 37. Bf3 Rg8 38. g7+ Kxg7 39. Rd6 Rh8 40. Rxd4 Nf1+ 41. Kc3 Rh2 42. Rd7+ Kg6 43. Rxa7 Rf2 44. Bd5 Rxf4 45. Ra6 Ne3 46. Rxb6+ Kg5 47. Bb7 Rf1 48. c5 f4 49. Be4 f3 50. Rg6+ Kh5 51. Rf6 f2 52. Kd4 Kg5 53. Rg6+ 1-0

[Event "Schleinich mem."]
[Site "Calgary CAN"]
[Date "2012.01.21"]
[Round "3"]
[White "Haessel, Dale"]
[Black "Neven, Knut"]
[Result "1-0"]
[WhiteElo "2300"]
[BlackElo "2235"]
[PlyCount "61"]
[GameId "2160767909572774"]
[EventDate "2012.01.20"]
[EventType "swiss"]
[EventRounds "5"]
[EventCountry "CAN"]
[SourceTitle "EXT 2022"]
[Source "ChessBase"]
[SourceDate "2021.10.06"]
[SourceVersion "1"]
[SourceVersionDate "2021.10.06"]
[SourceQuality "1"]

1. d4 Nf6 2. c4 g6 3. Nf3 Bg7 4. g3 d5 5. cxd5 Nxd5 6. Bg2 Nb6 7. Nc3 c5 8. dxc5 Qxd1+ 9. Kxd1 Nc4 10. Nd2 Ne5 11. Nb3 O-O 12. f4 Ng4 13. Ke1 Nc6 14. h3 Nf6 15. Kf2 e5 16. Nb5 Be6 17. Nd6 exf4 18. gxf4 Nd5 19. f5 gxf5 20. Rg1 Kh8 21. Nxb7 Rab8 22. Nd6 Nd4 23. Rd1 Nc2 24. Bxd5 Bxd5 25. Rxd5 Nxa1 26. Nxa1 Kg8 27. c6 Rbd8 28. c7 Rd7 29. c8=Q Rxc8 30. Nxc8 Rc7 31. Rd8+ 1-0

[Event "Schleinich mem."]
[Site "Calgary CAN"]
[Date "2012.01.21"]
[Round "3"]
[White "Nguyen, Kim"]
[Black "Kazmaier, Daniel"]
[Result "0-1"]
[WhiteElo "2208"]
[BlackElo "2317"]
[PlyCount "82"]
[GameId "2160767909572775"]
[EventDate "2012.01.20"]
[EventType "swiss"]
[EventRounds "5"]
[EventCountry "CAN"]
[SourceTitle "EXT 2022"]
[Source "ChessBase"]
[SourceDate "2021.10.06"]
[SourceVersion "1"]
[SourceVersionDate "2021.10.06"]
[SourceQuality "1"]

1. e4 e5 2. Bc4 Nc6 3. Nc3 Nf6 4. d3 d6 5. f4 Bg4 6. Qd2 exf4 7. Qxf4 Nd4 8. Qf2 Ne6 9. Nge2 Be7 10. O-O O-O 11. Ng3 c6 12. d4 d5 13. exd5 cxd5 14. Bb3 Nc7 15. Bf4 Rc8 16. h3 Be6 17. Rad1 Qd7 18. Qf3 b5 19. Nh5 b4 20. Nxf6+ Bxf6 21. Ba4 Qe7 22. Ne2 Bf5 23. Ng3 Bg6 24. Rfe1 Ne6 25. c3 bxc3 26. bxc3 Qa3 27. Bb3 Nxf4 28. Qxf4 Rxc3 29. Ne2 Rd3 30. Bxd5 Qb2 31. Bc4 Rxd1 32. Rxd1 h6 33. Qf2 Rd8 34. d5 Qb4 35. Bb3 a5 36. Qf4 Qc5+ 37. Qf2 Qb4 38. Qf4 Qc5+ 39. Qf2 Qa3 40. Qf3 a4 41. Bc4 Qc5+ 0-1